Youth employment programs in perspective. (Record no. 34575)

MARC details
000 -LEADER
fixed length control field 00981cam a22002531 4500
001 - CONTROL NUMBER
control field hew66000005
003 - CONTROL NUMBER IDENTIFIER
control field DLC
005 - DATE AND TIME OF LATEST TRANSACTION
control field 20260227111514.0
008 - FIXED-LENGTH DATA ELEMENTS--GENERAL INFORMATION
fixed length control field 880212s1965 dcu f000 0 eng
010 ## - LIBRARY OF CONGRESS CONTROL NUMBER
LC control number hew66000005
035 ## - SYSTEM CONTROL NUMBER
System control number (OCoLC)19940078
040 ## - CATALOGING SOURCE
Original cataloging agency DLC
Transcribing agency PU
Modifying agency DLC
042 ## - AUTHENTICATION CODE
Authentication code premarc
043 ## - GEOGRAPHIC AREA CODE
Geographic area code n-us---
050 00 - LIBRARY OF CONGRESS CALL NUMBER
Classification number HD6273
Item number .N36
110 2# - MAIN ENTRY--CORPORATE NAME
Corporate name or jurisdiction name as entry element National Child Labor Committee (U.S.).
Subordinate unit National Committee on Employment of Youth.
245 10 - TITLE STATEMENT
Title Youth employment programs in perspective.
260 ## - PUBLICATION, DISTRIBUTION, ETC.
Place of publication, distribution, etc. [Washington]
Name of publisher, distributor, etc. United States. Dept. of Health, Education, and Welfare, Welfare Administration, Office of Juvenile Delinquency and Youth Development
Date of publication, distribution, etc. [1965]
300 ## - PHYSICAL DESCRIPTION
Extent ix, 121 p.
Dimensions 24 cm.
504 ## - BIBLIOGRAPHY, ETC. NOTE
Bibliography, etc. note Bibliographical footnotes.
650 #0 - SUBJECT ADDED ENTRY--TOPICAL TERM
Topical term or geographic name entry element Youth
General subdivision Employment
Geographic subdivision United States
710 1# - ADDED ENTRY--CORPORATE NAME
Corporate name or jurisdiction name as entry element United States.
Subordinate unit Office of Juvenile Delinquency and Youth Development.
710 1# - ADDED ENTRY--CORPORATE NAME
Corporate name or jurisdiction name as entry element United States.
Subordinate unit President's Committee on Juvenile Delinquency and Youth Crime.

No items available.

Powered by Koha